000 00745nam a2200205 a 4500
005 20140412111311.0
008 000818s19uu xx 00 eng d
020 _a0-316-30874-9
050 _aTR(PS E
_bWh55 1992
100 _aGerson, Mary-Joan
245 _aWhy the sky is far away :
_ba nigerian folktale /
_cretold by Mary-Joan Gerson ; pictures by Carla Golembe.
250 _a1st Ed.
260 _aBoston :
_bLittle Brown and Comp,
_c1992.
300 _a1 v. (unp.) ; ill.
520 _aThe sky was once so close to the Earth that people cut parts of it to eat, but their waste and greed caused the sky to move far away.
650 _aFolklore--Nigeria
650 _aSkies--Fiction
650 _aChildren stories
999 _c103983
_d103983